Southville International School and Colleges
Your cart is empty.
  • Cart
  • Lists
    Public lists Eva Luna New books Lux_list list_1
    Your lists Log in to create your own lists
  • Log in to your account
  • Your cookies
  • Search history
Southville International School and Colleges
  • Advanced search
  • Recent comments
  • Most popular
  • Libraries

Log in to your account

Log in with GOOGLE


If you do not have an external account, but do have a local account, you can still log in:

  1. Home
  2. MARC view: A Practical introduction to virtual reality :
Normal view MARC view ISBD view

A Practical introduction to virtual reality : (Record no. 367637)

[ view plain ]
MARC details
000 -LEADER
fixed length control field 00865nam a22002417a 4500
003 - CONTROL NUMBER IDENTIFIER
control field 0
005 - DATE AND TIME OF LATEST TRANSACTION
control field 20250827113957.0
008 - FIXED-LENGTH DATA ELEMENTS--GENERAL INFORMATION
fixed length control field 250827b xxu||||| |||| 00| 0 eng d
020 ## - INTERNATIONAL STANDARD BOOK NUMBER
International Standard Book Number 978-0-443-14036-5
050 ## - LIBRARY OF CONGRESS CALL NUMBER
Classification number QA 76.76.C672
Item number .R43 2025
100 ## - MAIN ENTRY--PERSONAL NAME
Personal name Rebenitsch, Lori,
Relator term author.
245 ## - TITLE STATEMENT
Title A Practical introduction to virtual reality :
Remainder of title from concepts to executables /
Statement of responsibility, etc Lori Rebenitsch, Lisa Rebenitsch, and Rohan Loveland.
260 ## - PUBLICATION, DISTRIBUTION, ETC. (IMPRINT)
Place of publication, distribution, etc Cambridge, MA :
Name of publisher, distributor, etc Morgan Kaufmann, an imprint of Elsevier,
Date of publication, distribution, etc 2025.
300 ## - PHYSICAL DESCRIPTION
Extent xi, 403 pages :
Other physical details colored illustrations ;
Dimensions 24 cm.
504 ## - BIBLIOGRAPHY, ETC. NOTE
Bibliography, etc Includes index.
650 ## - SUBJECT ADDED ENTRY--TOPICAL TERM
Topical term or geographic name as entry element Virtual reality.
650 ## - SUBJECT ADDED ENTRY--TOPICAL TERM
Topical term or geographic name as entry element Virtual reality
General subdivision Programming.
650 ## - SUBJECT ADDED ENTRY--TOPICAL TERM
Topical term or geographic name as entry element Computer graphics.
650 ## - SUBJECT ADDED ENTRY--TOPICAL TERM
Topical term or geographic name as entry element Human-computer interaction.
700 ## - ADDED ENTRY--PERSONAL NAME
Personal name Rebenitsch, Lisa,
Relator term author.
700 ## - ADDED ENTRY--PERSONAL NAME
Personal name Loveland, Rohan,
Relator term author.
942 ## - ADDED ENTRY ELEMENTS (KOHA)
Source of classification or shelving scheme Library of Congress Classification
Koha item type Books
Holdings
Withdrawn status Lost status Source of classification or shelving scheme Damaged status Home library Current library Shelving location Date acquired Source of acquisition Sub Shelving location Total Checkouts Full call number Barcode Date last seen Price effective from Koha item type
    Library of Congress Classification   College Library College Library Reserve Section 06/04/2025 Library Fund     QA 76.76.C672 .R43 2025 C24701 08/27/2025 08/27/2025 Books

A Practical introduction to virtual reality :

APA

Rebenitsch L., Rebenitsch L. & Loveland R. (2025). A Practical introduction to virtual reality. Cambridge, MA: Morgan Kaufmann, an imprint of Elsevier.

Chicago

Rebenitsch Lori, Rebenitsch Lisa and Loveland Rohan. 2025. A Practical introduction to virtual reality. Cambridge, MA: Morgan Kaufmann, an imprint of Elsevier.

Harvard

Rebenitsch L., Rebenitsch L. and Loveland R. (2025). A Practical introduction to virtual reality. Cambridge, MA: Morgan Kaufmann, an imprint of Elsevier.

MLA

Rebenitsch Lori, Rebenitsch Lisa and Loveland Rohan. A Practical introduction to virtual reality. Cambridge, MA: Morgan Kaufmann, an imprint of Elsevier. 2025.

  • Place hold
  • Print
  • Cite
  • Add to your cart (remove)
  • Save record
    BIBTEX Dublin Core MARCXML MARC (non-Unicode/MARC-8) MARC (Unicode/UTF-8) MARC (Unicode/UTF-8, Standard) MODS (XML) RIS
  • More searches
    Search for this title in:
    Other Libraries (WorldCat) Other Databases (Google Scholar) Online Stores (Bookfinder.com) Open Library (openlibrary.org)

Exporting to Dublin Core...

SOUTHVILLE LIBRARY

Southville International School and Colleges Library

1281 Tropical Ave. Cor. Luxembourg St., BF Homes International, Las Pinas City

Tel. No. 8256374 / 252358 Loc. 117/146

Powered by Koha